| Поле | Название | Значение |
| |
Тип записи |
a |
| |
Библиографический уровень |
a |
| 001 |
Контрольный номер |
RU/CBS_UL/BASE/72568bfbeaa940f8910b51533efb6c18 |
| 005 |
Дата корректировки |
20260309011352.8 |
| 100 |
Данные общей обработки |
__ |
| a |
Данные общей обработки |
20250227 ||| 0rusy0189 ca |
| 101 |
Язык документа |
0_ |
| a |
Язык текста |
rus |
| 102 |
Страна публикации |
__ |
| a |
Страна публикации |
RU |
| 200 |
Заглавие и сведения об ответственности |
1_ |
| a |
Заглавие |
Подбор кадров |
| e |
Сведения, относящиеся к заглавию |
[беседа с А.Е. Халдей об отце Е.А. Халдее, который создал снимок, ставший символом Победы] |
| f |
Первые сведения об ответственности |
Д. Невзоров |
| g |
Последующие сведения об ответственности |
фот. Е.А. Халдей |
| 300 |
Общие примечания |
__ |
| a |
Общие примечания |
16+ |
| 461 |
Уровень набора |
_0 |
| 1 |
|
2000 |
| a |
|
Аргументы и факты |
| 463 |
Уровень физической единицы |
_0 |
| 1 |
|
2000 |
| a |
|
№ 9 (26 февр.) |
| v |
|
С. 7 : фот. |
| 1 |
|
2101 |
| d |
|
2025 |
| 1 |
|
001RU/CBS_UL/BASE/1ce57fefe53a4b42b25a922e6d2defc3 |
| 600 |
Персоналии |
_1 |
| a |
Персоналии (Фамилия) |
Халдей |
| b |
Персоналии (Имя, инициалы) |
Е.А. |
| 600 |
Персоналии |
_1 |
| a |
Персоналии (Фамилия) |
Халдей |
| b |
Персоналии (Имя, инициалы) |
А.Е. |
| 606 |
Тематические рубрики |
0_ |
| a |
Основная рубрика |
Великая Отечественная война 1941-1945 - Фронтовые корреспонденты |
| 610 |
Ключевые слова |
0_ |
| a |
Ключевые слова |
войны |
| 610 |
Ключевые слова |
0_ |
| a |
Ключевые слова |
война Великая Отечественная |
| 610 |
Ключевые слова |
0_ |
| a |
Ключевые слова |
ВОВ |
| 610 |
Ключевые слова |
0_ |
| a |
Ключевые слова |
фронтовые корреспонденты |
| 610 |
Ключевые слова |
0_ |
| a |
Ключевые слова |
военные корреспонденты |
| 686 |
Индексы других классификаций |
__ |
| 2 |
Код системы |
rubbk |
| a |
Классификационный индекс |
63.3(2)622.78 |
| 700 |
Автор |
_1 |
| a |
Фамилия |
Невзоров |
| b |
Имя (инициалы) |
Д. |
| 801 |
Источник записи |
_0 |
| a |
Страна |
RU |
| b |
Организация |
МБУК ЦБС г. Ульяновска |
| c |
Дата составления |
20250227 |
| g |
Правила каталогизации |
RCR |
| 801 |
Источник записи |
_1 |
| a |
Страна |
RU |
| b |
Организация |
МБУК ЦБС г. Ульяновска |
| c |
Дата составления |
20250227 |
| g |
Правила каталогизации |
RCR |
| 901 |
Тип документа |
__ |
| t |
Тип документа |
f |
| w |
Контрольный № источника |
RU/CBS_UL/BASE/1ce57fefe53a4b42b25a922e6d2defc3 |
| 909 |
Создатель записи |
__ |
| a |
Создатель записи |
lib1 |